00432 a2200145 4500003000400000005001700004008004100021040000900062082001900071100002900090245007300119250001200192260007200204300001000276OSt20240129123052.0240129b |||||||| |||| 00| 0 eng d coclc a894.812bVAL/M aVallikunnu, Balakrishnan aMalappuram Padapattu:bPaadavum Padanavum /cBalakrishnan Vallikunnu a1st ed. aKondotty:bMahakavi Moyinkutty Vaidyar Mappila Kala Academy,c2016. a288p.